01977nam a2200241Ia 4500001000600000003000900006008004100015040001300056040001300069041001300082100001700095100002900112245001400141245001400155250001100169260001100180260002400191260004900215300005700264500135500321650002801676650003101704H4201IT-RoPAU130308s9999 xx 000 0 und d aIT-RoPAU cIT-RoPAU aITALIANO aManco Cinzia gCodice Aut. SPICS: 57564 aCanaletto bCanaletto a1a ed. aMILANO bCorriere Della Sera c2003 [1° Ed.:2003 - Ed.Ling.Originale:2003] a"192 p. (prefazione: no ; testo: 192 [pagine: 0-0])" a"Presentazione di Giuseppe Berto: Venezia Salvata. La Vita, L'Arte e I capolavori a cura di Manco Cinzia. Apparati: tavola Cronologica; collocazione Geografica delle Opere; breve Antologia Critica; consigli Bibliografici. I Capolavori: Il Canal Grande Verso Rialto; Il Canal Grande Visto Campo San Vio; Il Rio dei Mendicanti; Il Canal Grande da palazzo Corner Spinelli Verso Rialto; Il Canal Grande Dalla Prossimità€ del Ponte di Rialto Verso Nord; Il Ponte di Rialto da Nord; Campo Santi Giovanni e Paolo; Il Canal Grande Dasanta Maria della Carità€ Verso Il Bacino di San Marco; Arrivo dell'Ambasciatore Francese a Venezia; Il Canal Grande da palazzo Baldi; la Dogana e Lariva delle Zattere; veduta da San Marco della Dogana da Mar e della Salute; Il Canal Grande da palazzo Baldi; le Chiuse di Dolo; Ricevimento dell'Ambasciatore Imperiale a palazzo Ducale; Il Bacino di San Marco con Il Bucintoro; la Piazzetta Verso la torre dell'Orologio; veduta del Canal Grande da San Vio Verso Il Bacino; San Giuseppe di Castello; Il Canal Grande Fra palazzo Bembo e palazzo Vendramin Calergi; Scuola di San Rocco; Il Bacino di Sanmarco; Campo Santi Apostoli; Campo di Santa Maria Formosa; Il Ponte dell'Arsenale; Piazza San Marco Dalla Basilica Verso la Chiesa di San Geminiano Ele Procuratie Nuove; Il Ponte di Rialto da Sud; Canal Grande dal Ponte di R" aAUTORI/OPERE DI PITTURA eCodice materia Spics: 5207